CIVITAS. GENNAIO-DICEMBRE 1951. RIVISTA STUDI POLITICI. (Record n. 326288)

Dettagli MARC
000 -LEADER
fixed length control field 01582nas a2200277Ia 4500
001 - CONTROL NUMBER
control field R320-R7694
003 - CONTROL NUMBER IDENTIFIER
control field IT-CnALBA
008 - FIXED-LENGTH DATA ELEMENTS--GENERAL INFORMATION
fixed length control field 170116c99999999xx |||||||||||| ||und||
040 ## - CATALOGING SOURCE
Original cataloging agency IT-CnALBA
Transcribing agency IT-CnALBA
041 ## - LANGUAGE CODE
Language code of text/sound track or separate title ITALIANO
999 ## - SYSTEM CONTROL NUMBERS (KOHA)
Koha Dewey Subclass [OBSOLETE] NO
100 ## - MAIN ENTRY--PERSONAL NAME
Personal name TAVIANI PAOLO EMILIO
210 ## - ABBREVIATED TITLE
Abbreviated title CIVITAS
222 ## - KEY TITLE
Key title CIVITAS
245 #0 - TITLE STATEMENT
Title CIVITAS. GENNAIO-DICEMBRE 1951. RIVISTA STUDI POLITICI.
250 ## - EDITION STATEMENT
Edition statement 1a ed.
260 ## - PUBLICATION, DISTRIBUTION, ETC. (IMPRINT)
Place of publication, distribution, etc. ROMA
Name of publisher, distributor, etc. CIVITAS EDIZIONI, ROMA'
Date of publication, distribution, etc. 1951 [1° Ed.:1951 - Ed.Ling.Originale: 1951]
300 ## - PHYSICAL DESCRIPTION
Extent 80 p.
310 ## - CURRENT PUBLICATION FREQUENCY
Current publication frequency MENSILE
362 ## - DATES OF PUBLICATION AND/OR SEQUENTIAL DESIGNATION
Dates of publication and/or sequential designation Fascicolo: 1-12 / Anno: 2 (1951)
500 ## - GENERAL NOTE
General note ROMA ANTICA. ARON R. SABOTAGGIO SOVIETICO AI TENTATIVI OCCIDENTALI D'INTESA. LIBERTÀ DI STAMPA E LIMITI. L'MRP E IL GENERALE DE GAULLE. LA LEGGE MC CARRAN. POLITICA INTERNAZIONALE. INTERNA. ECONOMIA. PROVA DEGLI STATI UNITI. GRAZIOSI SCHNEIDER F. MORO C. A. TEITGEN P. H. WEISS C. INDICE AUTORI. SAGGI PROBLEMI E DOCUMENTI INTERNAZIONALI DI ORDINE INTERNO. POLITICA ECONOMICA. RASSEGNE.
501 ## - WITH NOTE
With note Società San Paolo EM - Piazza San Paolo, 14 - 12051 ALBA (CN) (non commercial uses only) ® Copyright 2017
520 ## - SUMMARY, ETC.
Summary, etc. ROMA ANTICA. ARON R. SABOTAGGIO SOVIETICO AI TENTATIVI OCCIDENTALI D'INTESA. LIBERTÀ DI STAMPA E LIMITI. L'MRP E IL GENERALE DE GAULLE. LA LEGGE MC CARRAN. POLITICA INTERNAZIONALE. INTERNA. ECONOMIA. PROVA DEGLI STATI UNITI. GRAZIOSI SCHNEIDER F. MORO C. A. TEITGEN P. H. WEISS C. INDICE AUTORI. SAGGI PROBLEMI E DOCUMENTI INTERNAZIONALI DI ORDINE INTERNO. POLITICA ECONOMICA. RASSEGNE.
650 ## - SUBJECT ADDED ENTRY--TOPICAL TERM
Topical term or geographic name as entry element POLITICA
942 ## - ADDED ENTRY ELEMENTS (KOHA)
Koha item type RIVISTA
957 ## -
-- 1
999 ## - SYSTEM CONTROL NUMBERS (KOHA)
-- 1
Dati di copia
Withdrawn status Lost status Damaged status Not for loan Home library Current library Date acquired Total Checkouts Full call number Date last seen Price effective from Koha item type Public note
    Buone Condizioni Not For Loan ALBA - Biblioteca ALBA - Biblioteca 16/01/2017   R320-R7694 16/01/2017 16/01/2017 RIVISTA (data import: 16 gennaio 2017) - By Epidotti, Vaglietti.
CREDITS: SOCIETA' SAN PAOLO Via A.Severo, 58 - ROMA (RM) & PERIODICI SAN PAOLO SRL Via Giotto, 36 MILANO & CISF Via Giotto, 36 MILANO & EDIZIONI SAN PAOLO SRL,  Piazza Soncino, 5 CINISELLO BALSAMO (MI) -- ITALY